1171 1604 1059 1664 1284 1729 1158 1119 1918 1359 1302 1870 1253 1488 1478 1072 1508 1656 1331 1348 1129 1594 1338 1656 1906 1253 1029 1303 1527 1760 1400 1654 1508 1476 1630 1455 1902 1047 1762 1496 1718 1876 1873 1030 1970 1405 1622 1278 1369 1970 1578 1758 1473 1720 1508 1903 1967 1974 1957 1239 1794 1296 1704 1547 1329 1071 1942 1387 1635 1650 1324 1370 1330 1130 1348 1212 1013 1558 1084 1791 1621 1321 1692 1977 1817 1470 1178 1432 1183 1795 1932 1673 1516 1663 1336 1013 1315 1519 1043 BCNSPRNW ULIB Ver.6.0+V

เปลี่ยนเป็นภาษาไทย

Change to English
 แสดงรายละเอียดบรรณานุกรม
  กลับหน้าหลัก

Brief Record : Get Marc (ISO 2709) : E-mail record : QR code < ปิดหน้าต่าง
LEADER : 00000nam 2200000uu 4500
001    13399114357
003     ULIB
008    110627s||||||||th 000 0 tha d
020    9748327828
090    นว.^bค949ส ล.13
100 0  หวัง ซุก หยัง
245 00 สามก๊ก 13 ตอน อวสานราชวงศ์ฮั่น/^cหวัง ซุก หยัง
250    พิมพ์ครั้งที่ 1
260    กรุงเทพฯ :^bนานมีบุ๊คส์,^c2551
300    176 หน้า
710 1  นานมีบุ๊คส์
945    ^p158^l0^i024713
995    ทศพร
999 ^a ใช้งานได้ทุกระบบ
รายการนี้ยังไม่มีแท็ก
คุณยังไม่ได้ล็อกอิน คุณสามารถมีกิจกรรมร่วมกับเว็บไซต์ได้ แต่ต้องล็อกอินก่อน ::
  ล็อกอิน

รายการสื่อสารสนเทศ

ลำดับที่ ประเภท เลขเรียก/บาร์โค้ด สถานที่ สถานะ
1. นวนิยาย
นวนิยาย
นว. ค949ส ล.13 ฉ.1 
  Barcode: 024713
ห้องสมุดวิทยาเขตสวรรค์ประชารักษ์
►นวนิยาย
บนชั้น
  ขอยืม

รายการใกล้เคียง
    ผู้แต่ง [หวัง ซุก หยัง]

BibComment


ยังไม่เคยถูกคอมเมนท์

คอมเมนท์ทรัพยากรรายการนี้
  คอมเมนท์: สามก๊ก 13 ตอน อวส..


 Copyright 2026. Bcnsprnw @Library